La demanda de filosofia : que quiere la filosofia y que podemos querer de ella (Registro nro. 199185)

Detalles MARC
001 - NÚMERO DE CONTROL
campo de control 669102
005 - FECHA Y HORA DE LA ÚLTIMA TRANSACCIÓN
campo de control 20260506090530.0
008 - DATOS DE LONGITUD FIJA--INFORMACIÓN GENERAL
campo de control de longitud fija 010604e20010202 spa
020 ## - NÚMERO INTERNACIONAL ESTÁNDAR DEL LIBRO
Número Internacional Estándar del Libro 9586650413
035 ## - NÚMERO DE CONTROL DEL SISTEMA
Número de control de sistema 669102
035 ## - NÚMERO DE CONTROL DEL SISTEMA
Número de control de sistema (OCoLC)50000168
040 ## - FUENTE DE LA CATALOGACIÓN
Centro/agencia transcriptor comduadb
041 ## - CÓDIGO DE LENGUA
Código de lengua del texto/banda sonora o título independiente spa
082 #4 - NÚMERO DE LA CLASIFICACIÓN DECIMAL DEWEY
Número de clasificación 101
100 #0 - ENTRADA PRINCIPAL--NOMBRE DE PERSONA
Nombre de persona Bouveresse, Jacques,
Fechas asociadas al nombre 1940-2021
Código de función aut
Número de control del registro de autoridad o número normalizado (isni)0000 0001 1076 2920
-- (viaf)91268200
Término indicativo de función/relación Autor/a
9 (RLIN) 319708
245 10 - MENCIÓN DE TÍTULO
Título La demanda de filosofia : que quiere la filosofia y que podemos querer de ella
260 ## - PUBLICACIÓN, DISTRIBUCIÓN, ETC.
Lugar de publicación, distribución, etc. Bogotá :
Nombre del editor, distribuidor, etc. Siglo del Hombre Editores,
Fecha de publicación, distribución, etc. 2001.
300 ## - DESCRIPCIÓN FÍSICA
Extensión 152 páginas
650 #7 - PUNTO DE ACCESO ADICIONAL DE MATERIA--TÉRMINO DE MATERIA
Término de materia o nombre geográfico como elemento de entrada Filosofía
Fuente del encabezamiento o término lemb
9 (RLIN) 234416
942 ## - ELEMENTOS DE ENTRADA AGREGADA (KOHA)
Tipo de ítem Koha Libros
Existencias
Estado de retiro Estado de pérdida Estado dañado No para préstamo Código de colección Localización permanente Ubicación/localización actual Fecha de adquisición Fuente de adquisición Coste, precio normal de compra Número de inventario Total de préstamos Signatura topográfica completa Código de barras Fecha visto por última vez Número de copia Precio válido a partir de Tipo de ítem Koha
        Colección General Piso 2 Biblioteca Carlos Gaviria Díaz, Campus Medellín Biblioteca Carlos Gaviria Díaz, Campus Medellín 23/04/2023 Al Pie de la Letra 19500.00 C685064   101 B782 61000002005516 23/04/2023 1 23/04/2023 Libros